| 000 | 00720nam a22002177a 4500 | ||
|---|---|---|---|
| 005 | 20130801135744.0 | ||
| 008 | 130801b ve ||||| |||| 00| 0 spa d | ||
| 020 | _a9789807396042 | ||
| 041 | _aspa | ||
| 044 | _ave | ||
| 082 |
_a338.973 _bR696p |
||
| 100 | 1 | 0 |
_aRodríguez-Araque, Alí _91171 |
| 245 |
_aEl proceso de privatización petrolera en Venezuela _bAlí Rodríguez-Araque |
||
| 260 |
_aVenezuela _bMinisterio del poder popular para la energía eléctrica _c2012 |
||
| 300 |
_a245 p. _c21 cm. |
||
| 650 |
_aPolítica petrolera _zVenezuela _91172 |
||
| 650 |
_aPetróleo _zVenezuela _91173 |
||
| 650 |
_aPrivatización _zVenezuela _91174 |
||
| 650 |
_aIndustria petrolera _zVenezuela _91175 |
||
| 942 |
_2ddc _cImpreso |
||
| 999 |
_c7502 _d7502 |
||